000
00247nam a2200109Ia 4500
008
190216s9999||||xx |||||||||||||| ||und||
100
_a
Jidendra Varma
245
0
_a
Hindi-Sursagar Sar
260
_b
Sahithya Bhavan
650
_a
Hindi
942
_c
BK
999
_c
15370
_d
15370